[Event "World ol U16"]
[Site "Eindhoven"]
[Date "2023.08.15"]
[Round "4.3"]
[White "Akat, Elifnaz"]
[Black "Patole, Noam"]
[Result "1-0"]
[WhiteElo "1800"]
[BlackElo "2228"]
[PlyCount "93"]
[EventDate "2023.08.13"]
[EventType "team-swiss"]
[EventRounds "9"]
[EventCountry "NED"]
[SourceTitle "CBM 215 Extra"]
[Source "ChessBase"]
[SourceDate "2023.09.30"]
[SourceVersion "1"]
[SourceVersionDate "2023.09.30"]
[SourceQuality "1"]
[WhiteTeam "Turkey"]
[BlackTeam "France"]
[WhiteTeamCountry "TUR"]
[BlackTeamCountry "FRA"]

1. d4 Nf6 2. Nf3 g6 3. Nc3 d5 4. Bf4 Bg7 5. Nb5 Na6 6. e3 c6 7. Nc3 Nb8 8. h3 0-0 9. Bd3 b6 10. a4 a5 11. Ne5 Nfd7 12. Qd2 f6 13. Nxd7 Nxd7 14. e4 e6 15. 0-0 Bb7 16. Rfe1 f5 17. exd5 exd5 18. Bg5 Nf6 19. Ne2 Qd7 20. f3 Ne4 21. fxe4 fxe4 22. Bxe4 dxe4 23. Be3 Rad8 24. c4 Qe6 25. Qc2 Ba6 26. Rac1 b5 27. axb5 cxb5 28. d5 Qe5 29. b3 Rc8 30. Bd4 Qe7 31. Bxg7 Kxg7 32. c5 b4 33. Nd4 Kg8 34. Rxe4 Qb7 35. Nc6 Rxc6 36. dxc6 Qxc6 37. Rce1 Rc8 38. Re6 Qa8 39. c6 Rf8 40. Qc5 Qd8 41. c7 Qd3 42. Re8 Qf5 43. Rxf8+ Qxf8 44. Qc6 Qf5 45. Qxa6 Qc5+ 46. Kh1 Qxc7 47. Qe6+ 1-0

[Event "World ol U16"]
[Site "Eindhoven"]
[Date "2023.08.13"]
[Round "1.8"]
[White "Elharrak, Ahmed"]
[Black "Patole, Noam"]
[Result "1/2-1/2"]
[WhiteElo "1541"]
[BlackElo "2228"]
[PlyCount "84"]
[EventDate "2023.08.13"]
[EventType "team-swiss"]
[EventRounds "9"]
[EventCountry "NED"]
[SourceTitle "CBM 215 Extra"]
[Source "ChessBase"]
[SourceDate "2023.09.30"]
[SourceVersion "1"]
[SourceVersionDate "2023.09.30"]
[SourceQuality "1"]
[WhiteTeam "Morocco"]
[BlackTeam "France"]
[WhiteTeamCountry "MAR"]
[BlackTeamCountry "FRA"]

1. d4 Nf6 2. c4 g6 3. Nc3 d5 4. Nf3 Bg7 5. Bf4 c6 6. e3 0-0 7. h3 Bd7 8. Be2 h6 9. 0-0 Be6 10. cxd5 Nxd5 11. Nxd5 cxd5 12. Rc1 Nc6 13. Qb3 Qb6 14. Qxb6 axb6 15. a3 Rfc8 16. Nd2 f6 17. Bh2 Bf7 18. f4 f5 19. Bg3 Be8 20. Rfd1 Na5 21. Be1 Ba4 22. Rxc8+ Rxc8 23. Rb1 Bd7 24. b4 Nc4 25. Nxc4 dxc4 26. b5 e6 27. Bb4 Bxb5 28. Bc3 Ba6 29. Rxb6 Rc6 30. Rb1 Bf8 31. Bf3 Rc8 32. a4 Rc7 33. Rb6 Kf7 34. Kf2 Rd7 35. Ke2 Be7 36. Kd2 Bd8 37. Rb1 g5 38. g3 Bf6 39. Ba5 e5 40. fxe5 Bxe5 41. Kc3 Bxg3 42. e4 fxe4 1/2-1/2

[Event "FRA-ch U18"]
[Site "Agen"]
[Date "2023.04.30"]
[Round "9"]
[White "Garrigue, Julian"]
[Black "Patole, Noam"]
[Result "0-1"]
[WhiteElo "2114"]
[BlackElo "2033"]
[PlyCount "92"]
[EventDate "2023.04.23"]
[EventType "swiss"]
[EventRounds "9"]
[EventCountry "FRA"]
[SourceTitle "CBM 214 Extra"]
[Source "ChessBase"]
[SourceDate "2023.07.31"]
[SourceVersion "1"]
[SourceVersionDate "2023.07.31"]
[SourceQuality "1"]

1. e4 e5 2. Nf3 Nc6 3. Bb5 a6 4. Ba4 Nf6 5. 0-0 Be7 6. Re1 d6 7. c3 b5 8. Bc2 0-0 9. h3 Bb7 10. a4 b4 11. d4 a5 12. Nbd2 Re8 13. Nf1 Bf8 14. Bd2 Na7 15. Ng3 h6 16. dxe5 dxe5 17. Qe2 Nc6 18. Bd3 Bd6 19. Rad1 bxc3 20. bxc3 Ne7 21. Nh4 Ng6 22. Nhf5 Nf4 23. Bxf4 exf4 24. Nh5 Nxh5 25. Qxh5 g6 26. Nxh6+ Kg7 27. Qb5 Ba6 28. Qb3 Bxd3 29. Nxf7 Qf6 30. Nxd6 Qxd6 31. e5 Qd7 32. e6 Qd6 33. e7 Qa6 34. Qd5 Bf5 35. Rd4 Qf6 36. Rxf4 Qxc3 37. Re3 Qf6 38. g4 Be6 39. Qf3 Qxe7 40. Rfe4 Ra6 41. Qf4 Rd6 42. Re1 Qf7 43. Qe5+ Kg8 44. g5 Rf8 45. f4 Bd5 46. Rd4 Re6 0-1

[Event "FRA Top 16 Higher Pool U16"]
[Site "France"]
[Date "2022.06.06"]
[Round "4.2"]
[White "Patole, Noam"]
[Black "Bat, Bilguun"]
[Result "1-0"]
[WhiteElo "1810"]
[BlackElo "2193"]
[PlyCount "161"]
[EventDate "2022.06.04"]
[EventType "tourn"]
[EventRounds "4"]
[EventCountry "FRA"]
[SourceTitle "EXT 2023"]
[Source "ChessBase"]
[SourceDate "2022.10.05"]
[SourceVersion "1"]
[SourceVersionDate "2022.10.05"]
[SourceQuality "1"]

1. e4 c5 2. Nf3 d6 3. Bb5+ Bd7 4. Bxd7+ Nxd7 5. 0-0 Ngf6 6. Re1 Rc8 7. c3 Qc7 8. d3 g6 9. Bf4 Bg7 10. e5 dxe5 11. Nxe5 Nxe5 12. Bxe5 Qd7 13. d4 c4 14. Nd2 0-0 15. Qf3 Nd5 16. Bxg7 Kxg7 17. Re5 e6 18. Re2 Rfd8 19. Nf1 Rc6 20. Ne3 Nf6 21. g3 Qc7 22. Ng4 Nxg4 23. Qxg4 Rd5 24. f4 Rb6 25. Qf3 Qc6 26. Qg2 Rdb5 27. Qf2 h5 28. Rd1 Rf5 29. Rdd2 Rbb5 30. h4 Rbd5 31. Re5 f6 32. Rxf5 Rxf5 33. Re2 Kf7 34. Qe3 a6 35. Qf2 Ra5 36. a3 Rb5 37. Re1 Ke7 38. Re2 Rf5 39. Re1 Kd7 40. Qe2 Qd5 41. Qf2 Qc6 42. Qe2 a5 43. Qf2 Qb6 44. Re2 Rb5 45. Rd2 Qd6 46. Re2 Rd5 47. Qf3 Kc7 48. Qe4 g5 49. Qxe6 Qxe6 50. Rxe6 gxf4 51. gxf4 Rf5 52. Re4 Rb5 53. Re2 Rf5 54. Rf2 Kd6 55. Kg2 b5 56. Kf3 b4 57. a4 Rd5 58. Ke3 bxc3 59. bxc3 Ke6 60. f5+ Rxf5 61. Rxf5 Kxf5 62. Kf3 Ke6 63. Kf4 Kd6 64. Kf5 Kd5 65. Kxf6 Ke4 66. Ke6 Kd3 67. d5 Kxc3 68. d6 Kb2 69. d7 c3 70. d8Q c2 71. Qd2 Kb1 72. Kf5 c1Q 73. Qxc1+ Kxc1 74. Kg5 Kb2 75. Kxh5 Kb3 76. Kg4 Kxa4 77. h5 Kb3 78. h6 a4 79. h7 a3 80. h8Q Ka2 81. Qc3 1-0

[Event "EU-ch U12 28th"]
[Site "Riga"]
[Date "2018.08.24"]
[Round "5"]
[White "Patole, Noam"]
[Black "Vasilyev, Alexey1"]
[Result "1-0"]
[WhiteElo "1924"]
[BlackElo "2018"]
[PlyCount "77"]
[EventDate "2018.08.20"]
[EventType "swiss"]
[EventRounds "9"]
[EventCountry "LAT"]
[SourceTitle "CBM 186 Extra"]
[Source "ChessBase"]
[SourceDate "2018.08.24"]
[SourceVersion "1"]
[SourceVersionDate "2018.08.24"]
[SourceQuality "1"]

1. e4 c5 2. Nf3 e6 3. d4 cxd4 4. Nxd4 Nc6 5. Nc3 Qc7 6. Be2 a6 7. 0-0 Nf6 8. Be3 Be7 9. f4 d6 10. Kh1 0-0 11. a4 Nxd4 12. Qxd4 Nd7 13. Rad1 Rb8 14. Qc4 Qxc4 15. Bxc4 b6 16. Ba2 Rd8 17. Rd2 b5 18. axb5 axb5 19. Rfd1 b4 20. Ne2 Bb7 21. Ng3 Nf6 22. f5 d5 23. fxe6 fxe6 24. exd5 Nxd5 25. Bd4 Nf4 26. h3 Ra8 27. Bb3 Ra6 28. Kh2 Nd5 29. Be5 Bf6 30. Bxf6 gxf6 31. Ne4 Rc8 32. Rf2 Kg7 33. Rd4 Rb6 34. Nd2 f5 35. Nc4 Rbc6 36. Ne5 Rb6 37. Nd3 Ne3 38. Rxb4 Be4 39. Rxe4 1-0

[Event "EU-chT U12"]
[Site "Bad Blankenburg"]
[Date "2018.07.14"]
[Round "4.3"]
[White "Pasti, Aron"]
[Black "Patole, Noam"]
[Result "1-0"]
[WhiteElo "2069"]
[BlackElo "1981"]
[PlyCount "129"]
[EventDate "2018.07.12"]
[EventType "team-tourn"]
[EventRounds "9"]
[EventCountry "GER"]
[SourceTitle "EXT 2019"]
[Source "ChessBase"]
[SourceDate "2018.10.10"]
[SourceVersion "1"]
[SourceVersionDate "2018.10.10"]
[SourceQuality "1"]
[WhiteTeam "Hungary U12"]
[BlackTeam "France U12"]
[WhiteTeamCountry "HUN"]
[BlackTeamCountry "FRA"]

1. e4 e5 2. Nf3 Nc6 3. Bb5 a6 4. Ba4 Nf6 5. 0-0 Be7 6. Re1 b5 7. Bb3 d6 8. c3 0-0 9. h3 Na5 10. Bc2 c5 11. d4 Qc7 12. d5 Nb7 13. Nbd2 c4 14. Nf1 Nc5 15. g4 h5 16. N3h2 hxg4 17. hxg4 Qd7 18. g5 Nh7 19. Qh5 Qh3 20. Qxh3 Bxh3 21. Nf3 f5 22. g6 Nf6 23. exf5 Nxd5 24. Ng3 Nd3 25. Rd1 N5f4 26. Ne1 Bg4 27. f3 Bxf5 28. Nxf5 Rxf5 29. Bxf4 Rxf4 30. Nxd3 cxd3 31. Bxd3 d5 32. Bc2 Bc5+ 33. Kg2 d4 34. Rh1 Ra7 35. Rh5 Bd6 36. Be4 dxc3 37. bxc3 Kf8 38. Rd1 Ke7 39. Rh7 Ke6 40. Rh8 Bf8 41. Bd5+ Ke7 42. Bf7 Rxf7 43. gxf7 Kxf7 44. Rd5 Ke6 45. Rd8 Be7 46. Ra8 Rc7 47. Rxa6+ Kf5 48. Re8 Bf6 49. Ra3 Rb7 50. Rb3 Rd7 51. Rxb5 Rd2+ 52. Kg3 Rxa2 53. c4 Rc2 54. Rc5 Rc3 55. Rc7 g5 56. Kf2 Rc2+ 57. Ke3 Rc3+ 58. Ke2 Ra3 59. Rc6 Ra2+ 60. Ke3 Rh2 61. Rf8 Rh6 62. c5 g4 63. fxg4+ Kg5 64. Ke4 Rg6 65. Rfxf6 1-0

[Event "EU-chT U12"]
[Site "Bad Blankenburg"]
[Date "2018.07.13"]
[Round "3.3"]
[White "Patole, Noam"]
[Black "Navumenka, Mikhei"]
[Result "1/2-1/2"]
[WhiteElo "1981"]
[BlackElo "1965"]
[PlyCount "170"]
[EventDate "2018.07.12"]
[EventType "team-tourn"]
[EventRounds "9"]
[EventCountry "GER"]
[SourceTitle "EXT 2019"]
[Source "ChessBase"]
[SourceDate "2018.10.10"]
[SourceVersion "1"]
[SourceVersionDate "2018.10.10"]
[SourceQuality "1"]
[WhiteTeam "France U12"]
[BlackTeam "Belarus U12"]
[WhiteTeamCountry "FRA"]
[BlackTeamCountry "BLR"]

1. e4 e6 2. d4 d5 3. Nd2 Nf6 4. e5 Nfd7 5. Bd3 c5 6. c3 Nc6 7. Ne2 cxd4 8. cxd4 f6 9. exf6 Nxf6 10. 0-0 Bd6 11. Nf3 Qc7 12. Nc3 a6 13. h3 0-0 14. Re1 Bd7 15. Bd2 Rae8 16. Rc1 Qb8 17. a3 Kh8 18. Bg5 Bf4 19. Bxf4 Qxf4 20. Ne2 Qd6 21. Ng3 e5 22. Rxc6 Qxc6 23. dxe5 Ng8 24. Ng5 h6 25. Qh5 Re7 26. Nf3 Rf4 27. e6 Rxe6 28. Ne5 Qb6 29. Ng6+ Rxg6 30. Qxg6 Qxg6 31. Bxg6 Rf6 32. Bh5 Rb6 33. b4 Nf6 34. Rd1 Bb5 35. Bf7 Bc4 36. Nf5 a5 37. bxa5 Ra6 38. Ne3 Rxa5 39. Nxc4 dxc4 40. Bxc4 Rxa3 41. Rd8+ Kh7 42. Rb8 Rc3 43. Bb5 Rc7 44. Rf8 Nd5 45. h4 g6 46. Rd8 Ne7 47. g3 Kg7 48. Kg2 h5 49. Rd6 Kf7 50. Bd3 Rc6 51. Rd7 b6 52. Be4 Rf6 53. Rb7 Ke8 54. Rb8+ Kd7 55. Rb7+ Ke8 56. f3 Re6 57. Kf2 Kd8 58. Ra7 Nc8 59. Ra3 b5 60. Ke3 Nd6 61. Kd4 Nxe4 62. fxe4 Ke7 63. Ra7+ Kf6 64. Rb7 Rd6+ 65. Ke3 Ra6 66. Rxb5 Rc6 67. Kd4 Rd6+ 68. Ke3 Rc6 69. Kf4 Rc3 70. Rb6+ Kf7 71. e5 Rc4+ 72. Kg5 Rg4+ 73. Kh6 Rxg3 74. Rf6+ Ke7 75. Rxg6 Re3 76. Rg5 Re4 77. Kxh5 Ke6 78. Rg4 Rxe5+ 79. Kh6 Kf7 80. Rg5 Re6+ 81. Kh7 Rf6 82. h5 Rf4 83. h6 Rf3 84. Ra5 Rf2 85. Ra7+ Ke8 1/2-1/2

[Event "FRA-ch U12 "]
[Site "Agen"]
[Date "2018.04.17"]
[Round "4"]
[White "Patole, Noam"]
[Black "Maurizzi, Marc Andria"]
[Result "1-0"]
[WhiteElo "1903"]
[BlackElo "2119"]
[PlyCount "125"]
[EventDate "2018.04.15"]
[EventType "swiss"]
[EventRounds "9"]
[EventCountry "FRA"]
[SourceTitle "EXT 2019"]
[Source "ChessBase"]
[SourceDate "2018.10.10"]
[SourceVersion "1"]
[SourceVersionDate "2018.10.10"]
[SourceQuality "1"]

1. e4 e6 2. d4 d5 3. Nd2 c5 4. exd5 Qxd5 5. Ngf3 cxd4 6. Bc4 Qd8 7. 0-0 Nc6 8. Nb3 a6 9. Nbxd4 Nxd4 10. Qxd4 Qxd4 11. Nxd4 Bd7 12. Be3 Rc8 13. Bd3 Nf6 14. Rfe1 Be7 15. c3 0-0 16. Rad1 Nd5 17. Be4 Nxe3 18. Rxe3 Rc7 19. Red3 Bc8 20. g3 g6 21. Bg2 e5 22. Ne2 Bg4 23. f3 Bc5+ 24. Kf1 Be6 25. b3 f5 26. Rd8 Rcf7 27. Rxf8+ Kxf8 28. f4 e4 29. Nd4 Bc8 30. Nc6 Rd7 31. Rxd7 Bxd7 32. Nd4 Ke7 33. Ke2 a5 34. Kd2 b5 35. Ne2 Kd6 36. Kc2 Be6 37. Kb2 Bd5 38. Kc2 a4 39. Nc1 h6 40. h4 Bf2 41. Ne2 Kc5 42. Kb2 e3 43. Bxd5 Kxd5 44. Kc2 Ke4 45. c4 axb3+ 46. axb3 bxc4 47. bxc4 h5 48. Kd1 Bxg3 49. Nxg3+ Kxf4 50. Ne2+ Ke4 51. Ke1 Ke5 52. c5 Kd5 53. Nf4+ Kxc5 54. Nxg6 Kd5 55. Nf4+ Ke4 56. Nxh5 f4 57. Ng7 f3 58. Ne6 Kd3 59. Ng5 f2+ 60. Kf1 Kd2 61. Ne4+ Kd3 62. Nxf2+ Kd4 63. Ng4 1-0

[Event "Wch U10"]
[Site "Pocos de Caldas"]
[Date "2017.08.28"]
[Round "7"]
[White "Patole, Noam"]
[Black "Sethuraman, Sandeep"]
[Result "0-1"]
[WhiteElo "1934"]
[BlackElo "1689"]
[PlyCount "148"]
[EventDate "2017.08.22"]
[EventType "swiss"]
[EventRounds "11"]
[EventCountry "BRA"]
[SourceTitle "CBM 180 Extra"]
[Source "ChessBase"]
[SourceDate "2017.10.06"]
[SourceVersion "1"]
[SourceVersionDate "2017.10.06"]
[SourceQuality "1"]

1. e4 e5 2. Nf3 Nc6 3. d4 exd4 4. Nxd4 Bb4+ 5. c3 Bc5 6. Nb3 Bb6 7. Be2 Nf6 8. Qc2 0-0 9. 0-0 Re8 10. Bg5 h6 11. Bxf6 Qxf6 12. N1d2 d5 13. Bd3 d4 14. c4 Nb4 15. Qb1 Nxd3 16. Qxd3 c5 17. f4 Qc6 18. Rae1 Bc7 19. f5 b6 20. Nc1 a6 21. b3 b5 22. g3 Ba5 23. Rf4 Bb7 24. Re2 Bc7 25. Rf1 Re5 26. Qc2 Rae8 27. Nd3 Rxe4 28. Nxe4 Rxe4 29. Kf2 Re3 30. Ke1 Qg2 31. Rff2 Qg1+ 32. Kd2 Be4 33. Rxe3 Qxf2+ 34. Re2 Qf3 35. Rxe4 Qxe4 36. Nxc5 Ba5+ 37. Kc1 Qe1+ 38. Qd1 Qe3+ 39. Kb1 bxc4 40. bxc4 Qe7 41. Nb3 Qe4+ 42. Kc1 Bc3 43. c5 d3 44. c6 Bb4 45. c7 d2+ 46. Kb2 Qe5+ 47. Kb1 Qxf5+ 48. Kb2 Qe5+ 49. Kb1 Qxc7 50. Nxd2 Qd6 51. Kc2 Qc5+ 52. Kd3 Qd5+ 53. Ke3 Bxd2+ 54. Qxd2 Qxd2+ 55. Kxd2 Kf8 56. Kc3 Ke7 57. Kb4 f5 58. h4 g5 59. hxg5 hxg5 60. Kc4 Ke6 61. Kd4 g4 62. Kd3 a5 63. a4 Kd5 64. Ke3 Ke5 65. Kd3 f4 66. gxf4+ Kxf4 67. Ke2 g3 68. Ke1 Ke3 69. Kf1 Kf3 70. Kg1 g2 71. Kh2 Kf2 72. Kh3 g1Q 73. Kh4 Qg6 74. Kh3 Qg3# 0-1

[Event "FRA-chT U20 Top"]
[Site "Bischwiller"]
[Date "2016.05.14"]
[Round "1"]
[White "Patole, Noam"]
[Black "Philippe, Alexis"]
[Result "1-0"]
[WhiteElo "1770"]
[BlackElo "1462"]
[PlyCount "67"]
[EventDate "2016.05.14"]
[EventType "tourn"]
[EventRounds "11"]
[EventCountry "FRA"]
[SourceTitle "EXT 2019"]
[Source "ChessBase"]
[SourceDate "2018.10.10"]
[SourceVersion "1"]
[SourceVersionDate "2018.10.10"]
[SourceQuality "1"]

1. d4 d5 2. c4 dxc4 3. e4 b5 4. a4 c6 5. b3 cxb3 6. axb5 cxb5 7. Bxb5+ Bd7 8. Qxb3 Bxb5 9. Qxb5+ Qd7 10. Nc3 e6 11. Bf4 Nc6 12. Nf3 Be7 13. Ne5 Nxe5 14. Bxe5 Qxb5 15. Nxb5 Rc8 16. Bxg7 Bf6 17. Bxh8 Bxh8 18. Nd6+ Kd7 19. Nxc8 Kxc8 20. Rxa7 Kb8 21. Rxf7 Bxd4 22. Rxh7 Nf6 23. Re7 Nxe4 24. Rxe6 Bc3+ 25. Ke2 Ng5 26. Re8+ Kc7 27. h4 Nf7 28. Re7+ Kd6 29. Rxf7 Ke6 30. Rf3 Be5 31. h5 Bh8 32. h6 Bf6 33. Rxf6+ Kxf6 34. h7 1-0